Исповедь гипнотизера: в 3 кн.

Dades bibliogràfiques
Autor principal: Леви В. Владимир
Idioma:rus
Publicat: Москва, Семья и школа, 1993-
Format: Llibre
KOHA link:https://koha.lib.tpu.ru/cgi-bin/koha/opac-detail.pl?biblionumber=86943

MARC

LEADER 00000nam1a2200000 4500
001 86943
005 20231031101939.0
010 |a 5885390088 
035 |a (RuTPU)RU\TPU\book\93347 
090 |a 86943 
100 |a 20051202d1993 m y0rusy50 ca 
101 0 |a rus 
102 |a RU 
200 1 |a Исповедь гипнотизера  |e в 3 кн.  |f В. Леви 
210 |a Москва  |c Семья и школа  |d 1993- 
700 1 |a Леви  |b В.  |g Владимир 
801 1 |a RU  |b 63413507  |c 20051202  |g PSBO 
801 2 |a RU  |b 63413507  |c 20051202  |g PSBO 
942 |c BK